| 000 | 00577nam a22001937a 4500 | ||
|---|---|---|---|
| 999 |
_c60971 _d60971 |
||
| 005 | 20231130153646.0 | ||
| 008 | 231130s1982 ru ||||| |||| 00| 0 rus d | ||
| 041 | _arus | ||
| 080 | _a1(38) K-36 | ||
| 100 |
_aКессиди, Ф.Х. _920534 |
||
| 245 |
_aГераклит / _cФ.Х. Кессиди. |
||
| 264 |
_aМ.: _bМысль, _c1982. |
||
| 300 |
_a200 с.: _bил.; _c17 см. |
||
| 653 | _aჰერაკლიტე | ||
| 653 | _aკოსმოლოგია | ||
| 653 | _aეთიკა | ||
| 653 | _aპოლიტიკა | ||
| 942 |
_2udc _cᲬᲘᲒᲜᲘ |
||